Image noise level estimation by principal component analysis

Saved in:
Bibliographic Details
Main Authors: Pyatykh, Stanislav (Author) , Hesser, Jürgen (Author) , Zheng, Lei (Author)
Format: Article (Journal)
Language:English
Published: 2013
In: IEEE transactions on image processing
Year: 2013, Volume: 22, Issue: 2, Pages: 687-699
ISSN:1941-0042
Online Access:Verlag, Volltext: http://ieeexplore.ieee.org/xpls/icp.jsp?arnumber=6316174
Get full text
Author Notes:Pyatykh, Stanislav; Hesser, Juergen; Zheng, Lei

MARC

LEADER 00000caa a22000002c 4500
001 1471629821
003 DE-627
005 20220811061443.0
007 cr uuu---uuuuu
008 140225s2013 xx |||||o 00| ||eng c
024 7 |a 10.1109/TIP.2012.2221728  |2 doi 
035 |a (DE-627)1471629821 
035 |a (DE-576)401629821 
035 |a (DE-599)BSZ401629821 
035 |a (OCoLC)1340635305 
040 |a DE-627  |b ger  |c DE-627  |e rakwb 
041 |a eng 
084 |a 33  |2 sdnb 
100 1 |a Pyatykh, Stanislav  |d 1987-  |0 (DE-588)1044143096  |0 (DE-627)771579071  |0 (DE-576)396743935  |4 aut 
245 1 0 |a Image noise level estimation by principal component analysis  |c Pyatykh, Stanislav; Hesser, Juergen; Zheng, Lei 
264 1 |c 2013 
300 |a 13 
336 |a Text  |b txt  |2 rdacontent 
337 |a Computermedien  |b c  |2 rdamedia 
338 |a Online-Ressource  |b cr  |2 rdacarrier 
500 |a Gesehen am: 25.02.2014 
700 1 |a Hesser, Jürgen  |d 1964-  |0 (DE-588)1020647353  |0 (DE-627)691291071  |0 (DE-576)361513739  |4 aut 
700 1 |a Zheng, Lei  |d 1978-  |0 (DE-588)1026791111  |0 (DE-627)72739021X  |0 (DE-576)372112773  |4 aut 
773 0 8 |i In  |a Institute of Electrical and Electronics Engineers  |t IEEE transactions on image processing  |d New York, NY : IEEE, 1992  |g 22(2013), 2, Seite 687-699  |h Online-Ressource  |w (DE-627)325162050  |w (DE-600)2034319-X  |w (DE-576)094086281  |x 1941-0042  |7 nnas 
773 1 8 |g volume:22  |g year:2013  |g number:2  |g pages:687-699  |g extent:13  |a Image noise level estimation by principal component analysis 
856 4 0 |u http://ieeexplore.ieee.org/xpls/icp.jsp?arnumber=6316174  |x Verlag  |3 Volltext 
951 |a AR 
992 |a 20140225 
993 |a Article 
994 |a 2013 
998 |g 1026791111  |a Zheng, Lei  |m 1026791111:Zheng, Lei  |d 60000  |d 63000  |e 60000PZ1026791111  |e 63000PZ1026791111  |k 0/60000/  |k 1/60000/63000/  |p 3  |y j 
998 |g 1020647353  |a Hesser, Jürgen  |m 1020647353:Hesser, Jürgen  |d 60000  |d 63000  |e 60000PH1020647353  |e 63000PH1020647353  |k 0/60000/  |k 1/60000/63000/  |p 2 
998 |g 1044143096  |a Pyatykh, Stanislav  |m 1044143096:Pyatykh, Stanislav  |d 60000  |d 63000  |e 60000PP1044143096  |e 63000PP1044143096  |k 0/60000/  |k 1/60000/63000/  |p 1  |x j 
999 |a KXP-PPN1471629821  |e 2784428648 
BIB |a Y 
SER |a journal 
JSO |a {"relHost":[{"titleAlt":[{"title":"Transactions on image processing"}],"recId":"325162050","corporate":[{"display":"Institute of Electrical and Electronics Engineers","role":"aut"},{"role":"isb","display":"IEEE Signal Processing Society"}],"type":{"media":"Online-Ressource","bibl":"periodical"},"note":["Gesehen am 10.09.02"],"title":[{"title":"IEEE transactions on image processing","title_sort":"IEEE transactions on image processing","subtitle":"a publication of the IEEE Signal Processing Society"}],"pubHistory":["1.1992 -"],"id":{"eki":["325162050"],"issn":["1941-0042"],"zdb":["2034319-X"]},"physDesc":[{"extent":"Online-Ressource"}],"language":["eng"],"disp":"Institute of Electrical and Electronics EngineersIEEE transactions on image processing","origin":[{"publisher":"IEEE","publisherPlace":"New York, NY","dateIssuedKey":"1992","dateIssuedDisp":"1992-"}],"part":{"issue":"2","year":"2013","extent":"13","text":"22(2013), 2, Seite 687-699","pages":"687-699","volume":"22"}}],"language":["eng"],"name":{"displayForm":["Pyatykh, Stanislav; Hesser, Juergen; Zheng, Lei"]},"recId":"1471629821","type":{"media":"Online-Ressource","bibl":"article-journal"},"note":["Gesehen am: 25.02.2014"],"title":[{"title_sort":"Image noise level estimation by principal component analysis","title":"Image noise level estimation by principal component analysis"}],"origin":[{"dateIssuedKey":"2013","dateIssuedDisp":"2013"}],"physDesc":[{"extent":"13 S."}],"id":{"eki":["1471629821"],"doi":["10.1109/TIP.2012.2221728"]},"person":[{"family":"Pyatykh","display":"Pyatykh, Stanislav","given":"Stanislav","role":"aut"},{"display":"Hesser, Jürgen","family":"Hesser","given":"Jürgen","role":"aut"},{"family":"Zheng","display":"Zheng, Lei","role":"aut","given":"Lei"}]} 
SRT |a PYATYKHSTAIMAGENOISE2013